AH International Schools' Libraries

Peppa Pig: George's Racing Car / (Record no. 48696)

MARC details
000 -LEADER
fixed length control field 00337nam a2200121 4500
020 ## - INTERNATIONAL STANDARD BOOK NUMBER
International Standard Book Number 9780723297901
100 ## - MAIN ENTRY--PERSONAL NAME
Personal name Astley, Neville,
Relator term author.
9 (RLIN) 64423
245 ## - TITLE STATEMENT
Title Peppa Pig: George's Racing Car /
Statement of responsibility, etc By Nevillie Astley.
260 ## - PUBLICATION, DISTRIBUTION, ETC. (IMPRINT)
Name of publisher, distributor, etc Ladybird book :
Date of publication, distribution, etc 2015.
300 ## - PHYSICAL DESCRIPTION
Dimensions 7.09 x 7.09 x 0.31 inches.
490 ## - SERIES STATEMENT
Series statement Peppa Pig
942 ## - ADDED ENTRY ELEMENTS (KOHA)
Source of classification or shelving scheme
Koha item type Board Book
Holdings
Withdrawn status Lost status Source of classification or shelving scheme Damaged status Not for loan Home library Current library Date acquired Total Checkouts Total Renewals Full call number Barcode Date last seen Date checked out Price effective from Koha item type
          Logos International School Logos International School 03/21/2025 10 1 BB PEP 040553 04/06/2026 04/02/2026 03/21/2025 Board Book

For any Logos Library related questions please contact Miss Art at swongnarasuk@asianhope.org.

For any Asian Hope Library related questions please contact Miss Raza at graza@asianhope.org.

Click here to explore our ebooks!

Powered by Koha